| 000 | 00717nam a2200205 a 4500 | ||
|---|---|---|---|
| 001 | 000016148 | ||
| 005 | 20200929164307.0 | ||
| 008 | 100226s1985 dr a 001 0 spa d | ||
| 040 |
_aDO-SdBNP _bspa _cBNPHU |
||
| 082 |
_axxxx _bB269m |
||
| 100 | 1 |
_aBarraza, Ernesto _936149 |
|
| 245 | 1 | 0 |
_aManual para proyectos de ayuda mutua / _cErnesto Barraza, Edin Martinez, Raimundo Wegener. |
| 260 |
_aSanto Domingo : _bINVI, _c1985. _fQuiñones |
||
| 300 |
_a244 p. : _bil. ; _c28 cm. |
||
| 500 | _aIncluye datos biográficos de los autores en (p. 246) | ||
| 700 | 1 |
_aMartinez, Edin _936150 |
|
| 700 | 1 |
_aWegener, Raimundo _936151 |
|
| 710 | 1 |
_aInstituto Nacional de la Vivienda(República Dominicana) _936152 |
|
| 049 | _aBNPD | ||
| 999 |
_c15688 _d15688 |
||